[Event "TechM GCL 2025"]
[Site "Mumbai IND"]
[Date "2025.12.20"]
[Round "7.3"]
[White "Sindarov, Javokhir"]
[Black "Praggnanandhaa, R"]
[Result "1-0"]
[WhiteTitle "GM"]
[BlackTitle "GM"]
[WhiteElo "2726"]
[BlackElo "2761"]
[WhiteTeam "Ganges Grandmasters"]
[BlackTeam "Alpine SG Pipers"]
[WhiteFideId "14205483"]
[BlackFideId "25059530"]
[EventDate "2025.12.14"]

1. Nf3 d5 2. c4 e6 3. g3 Nf6 4. Bg2 dxc4 5. Qa4+ Bd7 6. Qxc4 c5 7. Ne5 Qc8 8.
Qd3 Nc6 9. Nxd7 Nxd7 10. Nc3 Be7 11. O-O O-O 12. b3 Rd8 13. Bb2 Nf6 14. Qc2 Qd7
15. Rfd1 Rac8 16. Rac1 b6 17. Qb1 h6 18. e3 Qe8 19. a3 Rd7 20. d3 Rdd8 21. Rc2
Nd5 22. Nxd5 exd5 23. Bh3 Rb8 24. Re1 b5 25. Qd1 b4 26. d4 c4 27. bxc4 bxa3 28.
Ba1 dxc4 29. Rxc4 Na5 30. Rc7 Nb3 31. Bc3 a5 32. d5 Qf8 33. Bf5 Bd6 34. Rxf7
Kxf7 35. Qh5+ Kg8 36. Be6+ Kh7 37. Bf5+ Kg8 38. Qg6 Nc5 39. Qh7+ Kf7 40. Qg6+
Kg8 41. Qh7+ Kf7 42. Bg6+ Ke7 43. Bxg7 Qg8 44. Qxh6 Kd7 45. e4 Nd3 46. Rd1 a2
47. Bf5+ Kc7 48. Rxd3 Rb1+ 49. Kg2 a1=Q 50. Bxa1 Rxa1 51. e5 Qf8 52. exd6+ Kb8
53. Rb3+ Ka8 54. Qh7 Rb8 55. Rxb8+ Qxb8 56. Qc7 Qb5 57. Qc6+ Qxc6 58. dxc6 Rc1
59. d7 1-0

[Event "TechM GCL 2025"]
[Site "Mumbai IND"]
[Date "2025.12.20"]
[Round "7.3"]
[White "Shuvalova, Polina"]
[Black "Hou, Yifan"]
[Result "0-1"]
[WhiteTitle "IM"]
[BlackTitle "GM"]
[WhiteElo "2502"]
[BlackElo "2613"]
[WhiteTeam "Ganges Grandmasters"]
[BlackTeam "Alpine SG Pipers"]
[WhiteFideId "24171760"]
[BlackFideId "8602980"]
[EventDate "2025.12.14"]

1. e4 c5 2. Nf3 d6 3. Bb5+ Nd7 4. O-O a6 5. Be2 Ngf6 6. d3 e6 7. a4 b6 8. c4 Bb7
9. Nc3 Be7 10. Re1 O-O 11. Bf1 Ne5 12. Nxe5 dxe5 13. a5 b5 14. cxb5 axb5 15.
Nxb5 Rxa5 16. Na3 Nd7 17. Be3 Qc7 18. Qc2 Rfa8 19. Rac1 Qd8 20. Qc3 Qb8 21. h3
h6 22. Qd2 Kh7 23. Rc3 Bc6 24. Rec1 Ra4 25. Rc4 Rxc4 26. dxc4 f5 27. exf5 exf5
28. f3 Nf6 29. Nb5 e4 30. f4 Qb7 31. Qf2 Rc8 32. Kh2 Bxb5 33. cxb5 Nd5 34. Bc4
Nxe3 35. Qxe3 Bd6 36. Rd1 Qb8 37. g3 Rf8 38. h4 Qc7 39. h5 Be7 40. Rd5 Qc8 41.
Qd2 Bf6 42. b6 Qb8 43. Rxf5 Qxb6 44. b3 Re8 45. Rd5 Kh8 46. Rd6 Qc7 47. Rd7 e3
48. Qd3 Qc6 49. Rd6 Qc7 50. Rd7 Qc8 51. Qd1 e2 52. Bxe2 Rxe2+ 53. Qxe2 Qxd7 54.
Qe4 Bd4 55. Qa8+ Kh7 56. Qe4+ Kg8 57. Qa8+ Kf7 58. Qe4 Qe6 59. Qb7+ Qe7 60. Qd5+
Qe6 61. Qb7+ Kf6 62. Kg2 Qe2+ 63. Kh3 Qxh5+ 64. Kg2 Qe2+ 65. Kh3 Qe6+ 66. Kg2
Kf5 67. Qf3 Kg6 68. Qd3+ Qf5 69. Qa6+ Kh7 70. Qb7 h5 71. Qe7 Qc2+ 72. Kh3 Qf5+
73. Kh2 Bf6 74. Qe2 h4 75. gxh4 Qxf4+ 76. Kg2 Qxh4 77. Qc2+ Kh6 78. Qc1+ Qg5+ 0-1

[Event "TechM GCL 2025"]
[Site "Mumbai IND"]
[Date "2025.12.20"]
[Round "7.3"]
[White "Tsolakidou, Stavroula"]
[Black "Batsiashvili, Nino"]
[Result "1-0"]
[WhiteTitle "IM"]
[BlackTitle "GM"]
[WhiteElo "2479"]
[BlackElo "2462"]
[WhiteTeam "Ganges Grandmasters"]
[BlackTeam "Alpine SG Pipers"]
[WhiteFideId "4264312"]
[BlackFideId "13602993"]
[EventDate "2025.12.14"]

1. e4 e5 2. Nf3 Nc6 3. Bc4 Nf6 4. d3 Bc5 5. Be3 Bb6 6. Qe2 d6 7. a3 h6 8. Nbd2
Ne7 9. h3 Ng6 10. g4 Bxe3 11. fxe3 d5 12. exd5 Nxd5 13. Ne4 c6 14. O-O-O Be6 15.
Nc5 Qe7 16. Nxe6 Qxe6 17. Qf2 b5 18. Bb3 Qe7 19. h4 a5 20. h5 Nf8 21. Nh4 Ne6
22. Nf5 Qc7 23. c4 Nf6 24. cxb5 cxb5+ 25. Kb1 Ra6 26. Rhf1 O-O 27. d4 exd4 28.
exd4 a4 29. Bc2 Ng5 30. d5 b4 31. d6 Qb7 32. axb4 a3 33. Qd4 axb2 34. Ne7+ Kh8
35. Rxf6 Rxd6 36. Qxd6 Ne4 37. Rxh6+ gxh6 38. Qxh6# 1-0

[Event "TechM GCL 2025"]
[Site "Mumbai IND"]
[Date "2025.12.20"]
[Round "7.3"]
[White "Sadhwani, Raunak"]
[Black "Mendonca, Leon Luke"]
[Result "0-1"]
[WhiteTitle "GM"]
[BlackTitle "GM"]
[WhiteElo "2638"]
[BlackElo "2615"]
[WhiteTeam "Ganges Grandmasters"]
[BlackTeam "Alpine SG Pipers"]
[WhiteFideId "35093487"]
[BlackFideId "35028561"]
[EventDate "2025.12.14"]

1. e4 c5 2. Nc3 e6 3. g3 Nc6 4. Bg2 Nf6 5. f4 d5 6. e5 Nd7 7. Nf3 Be7 8. O-O O-O
9. d3 Rb8 10. Ne2 Qc7 11. c4 dxc4 12. dxc4 Rd8 13. Qc2 b5 14. cxb5 Rxb5 15. Nc3
Rb8 16. Rd1 Nb4 17. Qf2 Ba6 18. Ne1 c4 19. a3 Nd3 20. Nxd3 cxd3 21. Be3 Bc5 22.
Rd2 Bxe3 23. Qxe3 Nb6 24. Ne4 Nc4 25. Rc1 Rbc8 26. Qf2 Qb8 27. Rdd1 Nxb2 28.
Rxc8 Rxc8 29. Rb1 Rc2 30. Qd4 Qb6 31. Qxb6 axb6 32. Bf1 Bb7 0-1

[Event "TechM GCL 2025"]
[Site "Mumbai IND"]
[Date "2025.12.20"]
[Round "8.1"]
[White "Artemiev, Vladislav"]
[Black "Wei, Yi"]
[Result "1/2-1/2"]
[WhiteTitle "GM"]
[BlackTitle "GM"]
[WhiteElo "2641"]
[BlackElo "2754"]
[WhiteTeam "Fyers American Gambits"]
[BlackTeam "Triveni Continental Kings"]
[WhiteFideId "24101605"]
[BlackFideId "8603405"]
[EventDate "2025.12.14"]

1. c4 Nf6 2. Nf3 e6 3. b3 d5 4. Bb2 Be7 5. g3 O-O 6. Bg2 b6 7. O-O Bb7 8. cxd5
Nxd5 9. d4 Nd7 10. Nc3 c5 11. Rc1 Rc8 12. Nxd5 Bxd5 13. Qd3 cxd4 14. Nxd4 Nc5
15. Qb1 Bxg2 16. Kxg2 Qd5+ 17. Nf3 Ne4 18. Rfd1 Qb7 19. Rxc8 Rxc8 20. Rc1 Rd8
21. Rd1 Nd2 22. Qc2 Nxf3 23. Rxd8+ Bxd8 24. exf3 h5 25. h3 Qd5 26. Bc1 b5 27.
Be3 a5 28. a4 bxa4 29. bxa4 f5 30. h4 Kh7 31. Qc8 Qd6 32. Qb7 Kg6 33. Qb5 Kf7
34. Qb7+ Kg6 35. Qb5 Kf7 36. Qb7+ Kg6 1/2-1/2

[Event "TechM GCL 2025"]
[Site "Mumbai IND"]
[Date "2025.12.20"]
[Round "8.1"]
[White "Rapport, Richard"]
[Black "Vidit, Santosh Gujrathi"]
[Result "1/2-1/2"]
[WhiteTitle "GM"]
[BlackTitle "GM"]
[WhiteElo "2741"]
[BlackElo "2708"]
[WhiteTeam "Fyers American Gambits"]
[BlackTeam "Triveni Continental Kings"]
[WhiteFideId "738590"]
[BlackFideId "5029465"]
[EventDate "2025.12.14"]

1. e4 e5 2. Nf3 Nc6 3. Bb5 Nf6 4. O-O Nxe4 5. Re1 Nd6 6. Bf1 Be7 7. Nc3 e4 8.
Nxe4 Nxe4 9. Rxe4 d5 10. Re1 O-O 11. d4 Bg4 12. c3 Bd6 13. h3 Bh5 14. g4 Bg6 15.
Ne5 Nxe5 16. dxe5 Bc5 17. Be3 Bxe3 18. Rxe3 c6 19. Qd4 f5 20. e6 Qe7 21. Bg2 Rf6
22. Rae1 fxg4 23. hxg4 Raf8 24. f3 b6 25. Re5 Rf4 26. Qe3 h6 27. Rd1 Bh7 28. Rd4
g5 29. b4 b5 30. Rxf4 Rxf4 31. Bf1 Rf6 32. Kg2 Kg7 33. Qd4 Kg8 34. Qe3 Kg7 35.
Qd4 Kg8 36. a3 Rxe6 37. Rxe6 Qxe6 38. Qxa7 Qf6 39. Qe3 Kf7 40. Be2 Bg6 41. Bd1
Qe7 42. Kf2 Qd6 43. Qa7+ Ke6 44. Qe3+ Kf7 45. Kg2 Qe7 46. Qb6 Qf6 47. Qa7+ Kg8
48. Qc5 h5 49. gxh5 Bxh5 1/2-1/2

[Event "TechM GCL 2025"]
[Site "Mumbai IND"]
[Date "2025.12.20"]
[Round "8.1"]
[White "Assaubayeva, Bibisara"]
[Black "Zhu, Jiner"]
[Result "1/2-1/2"]
[WhiteTitle "GM"]
[BlackTitle "GM"]
[WhiteElo "2497"]
[BlackElo "2579"]
[WhiteTeam "Fyers American Gambits"]
[BlackTeam "Triveni Continental Kings"]
[WhiteFideId "13708694"]
[BlackFideId "8608059"]
[EventDate "2025.12.14"]

1. e4 e5 2. Nf3 Nc6 3. Bc4 Bc5 4. c3 Nf6 5. d3 d6 6. b4 Bb6 7. a4 a5 8. b5 Ne7
9. Nbd2 O-O 10. O-O c6 11. d4 exd4 12. cxd4 Ng6 13. e5 dxe5 14. dxe5 Nd5 15. h3
Be6 16. Qb3 Ndf4 17. Bxe6 Nxe6 18. Nc4 Nd4 19. Nxd4 Bxd4 20. Bb2 Bxb2 21. Qxb2
Nf4 22. Ne3 Qg5 23. Kh1 Rfe8 24. bxc6 bxc6 25. Qb7 c5 26. Nc4 Rab8 27. Qf3 h5
28. Rae1 Re6 29. Re4 Ng6 30. Qe2 Nf4 31. Qf3 Ng6 32. Qe2 Nf4 33. Qf3 1/2-1/2

[Event "TechM GCL 2025"]
[Site "Mumbai IND"]
[Date "2025.12.20"]
[Round "8.1"]
[White "Injac, Teodora"]
[Black "Kosteniuk, Alexandra"]
[Result "1-0"]
[WhiteTitle "IM"]
[BlackTitle "GM"]
[WhiteElo "2421"]
[BlackElo "2483"]
[WhiteTeam "Fyers American Gambits"]
[BlackTeam "Triveni Continental Kings"]
[WhiteFideId "932400"]
[BlackFideId "4128125"]
[EventDate "2025.12.14"]

1. Nf3 d5 2. g3 Nf6 3. Bg2 Bf5 4. O-O e6 5. c4 dxc4 6. Na3 Bxa3 7. Qa4+ c6 8.
Qxa3 Nbd7 9. b3 cxb3 10. Qxb3 Nc5 11. Qe3 Qb6 12. Ba3 Nce4 13. Qf4 Nd5 14. Qe5
f6 15. Qb2 Qxb2 16. Bxb2 Bg6 17. d3 Nd6 18. a4 O-O-O 19. Rfc1 Kb8 20. Nd4 Bf7
21. Ba3 e5 22. Nf3 Kc7 23. Rab1 h5 24. h4 Be6 25. Nd2 Nc8 26. Ne4 b6 27. Rb2 c5
28. Nxc5 bxc5 29. Rxc5+ Kd7 30. Bxd5 Bxd5 31. Rxd5+ Ke6 32. Rxd8 Rxd8 33. Rb8 g5
34. hxg5 fxg5 35. Kg2 Rg8 36. Bc5 Kd7 37. a5 Kc7 38. Rb4 Kc6 39. Be3 a6 40. Rc4+
Kd6 41. Bxg5 Rxg5 42. Rxc8 e4 43. dxe4 Rxa5 44. f4 Ra3 45. Rh8 a5 46. Rxh5 Kc6
47. f5 Re3 48. f6 Rxe2+ 49. Kf3 Re1 50. Rf5 1-0

[Event "TechM GCL 2025"]
[Site "Mumbai IND"]
[Date "2025.12.20"]
[Round "8.1"]
[White "Murzin, Volodar"]
[Black "Maurizzi, MarcAndria"]
[Result "0-1"]
[WhiteTitle "GM"]
[BlackTitle "GM"]
[WhiteElo "2648"]
[BlackElo "2611"]
[WhiteTeam "Fyers American Gambits"]
[BlackTeam "Triveni Continental Kings"]
[WhiteFideId "44155573"]
[BlackFideId "36083534"]
[EventDate "2025.12.14"]

1. e4 e5 2. Nf3 Nc6 3. Bb5 Nf6 4. d3 Bc5 5. c3 O-O 6. O-O d6 7. h3 Ne7 8. Nbd2
c6 9. Ba4 Ng6 10. Bc2 Re8 11. Re1 Bb6 12. d4 Be6 13. Nf1 exd4 14. Nxd4 d5 15. e5
Ne4 16. f3 f6 17. Be3 Nc5 18. Bxg6 hxg6 19. exf6 gxf6 20. Qd2 Bf7 21. Nh2 Nd7
22. Ng4 Ne5 23. Bf2 Nxg4 24. hxg4 Qd6 25. Qh6 Rxe1+ 26. Rxe1 Re8 27. Rxe8+ Bxe8
28. g5 Bc7 29. gxf6 Qxf6 30. Qe3 Bd7 31. Ne2 b6 32. Bg3 Bd8 33. Be5 Qg5 34. Qxg5
Bxg5 35. Kf2 Kf7 36. Bb8 Bd8 37. g4 a5 38. Ke3 c5 39. Be5 a4 40. Nf4 Bc6 41. a3
b5 42. Nd3 Bb6 43. Kf4 d4 44. cxd4 cxd4 45. Nb4 Bb7 46. Kg3 Ke6 47. f4 Be4 48.
Bh8 d3 49. Bc3 Be3 50. Na6 d2 51. Nc7+ Kd6 52. Nxb5+ Kc5 53. Bxd2 Bxd2 54. Nc7
Bc1 55. Ne6+ Kd5 56. Nc7+ Kc4 57. Ne8 Bxb2 58. f5 gxf5 59. g5 Bxa3 60. g6 Bb2
61. Kf4 a3 62. Nd6+ Kb4 0-1

[Event "TechM GCL 2025"]
[Site "Mumbai IND"]
[Date "2025.12.14"]
[Round "8.2"]
[White "Gukesh, D"]
[Black "Anand, Viswanathan"]
[Result "1/2-1/2"]
[WhiteTitle "GM"]
[BlackTitle "GM"]
[WhiteElo "2754"]
[BlackElo "2743"]
[WhiteTeam "PBG Alaskan Knights"]
[BlackTeam "Ganges Grandmasters"]
[WhiteFideId "46616543"]
[BlackFideId "5000017"]
[EventDate "2025.12.14"]

1. d4 d5 2. c3 Nf6 3. Bg5 e6 4. Nd2 Be7 5. e3 Nbd7 6. Ngf3 c5 7. Bd3 b6 8. O-O
Bb7 9. Ne5 Nxe5 10. dxe5 Nd7 11. Bxe7 Qxe7 12. f4 O-O 13. Qh5 g6 14. Qh3 f6 15.
exf6 Rxf6 16. Nf3 e5 17. Bb5 Bc6 18. Bxc6 Rxc6 19. Rad1 e4 20. Ng5 Rd6 21. Qg3
h6 22. Nh3 Kh7 23. Nf2 Nf6 24. Qh3 Rad8 25. g4 d4 26. g5 Nh5 27. cxd4 cxd4 28.
Ng4 dxe3 29. Rde1 Rd3 30. Nxe3 Rf8 31. Kh1 Nxf4 32. Qxh6+ Kg8 33. Ng4 Qb7 34.
Rxf4 e3+ 35. Kg1 Rxf4 36. Qxg6+ Qg7 37. Nh6+ Kh8 38. Qxd3 Qxg5+ 39. Kh1 Qxh6 40.
Qd8+ Qf8 41. Qxf8+ Rxf8 42. Re2 Rf1+ 43. Kg2 Ra1 44. a3 Kg7 45. Kf3 b5 46. Kxe3
b4 47. axb4 Ra4 48. Kd3 Rxb4 49. Kc3 Rb7 50. Rf2 a5 51. b3 Rb5 52. Rf4 Kg6 53.
h4 Rc5+ 54. Kb2 Re5 55. Ka3 Re1 56. Ra4 Re5 57. Rg4+ Kf6 58. Rg5 Re4 59. Rxa5
Rxh4 60. Rd5 Ke6 61. Rd8 Rh7 62. Ka4 Ra7+ 63. Kb5 Rb7+ 64. Kc4 Rc7+ 65. Kb4 Rb7+
66. Ka3 Ra7+ 67. Kb2 1/2-1/2

[Event "TechM GCL 2025"]
[Site "Mumbai IND"]
[Date "2025.12.20"]
[Round "8.2"]
[White "Erigaisi, Arjun"]
[Black "Keymer, Vincent"]
[Result "1-0"]
[WhiteTitle "GM"]
[BlackTitle "GM"]
[WhiteElo "2775"]
[BlackElo "2776"]
[WhiteTeam "PBG Alaskan Knights"]
[BlackTeam "Ganges Grandmasters"]
[WhiteFideId "35009192"]
[BlackFideId "12940690"]
[EventDate "2025.12.14"]

1. e4 e5 2. Nf3 Nc6 3. Bc4 Nf6 4. Ng5 d5 5. exd5 Na5 6. Bb5+ c6 7. dxc6 bxc6 8.
Qf3 Rb8 9. Bd3 Bd6 10. Nc3 Bg4 11. Qg3 e4 12. Qe3 O-O 13. Ngxe4 Nxe4 14. Nxe4
Re8 15. f3 Bh5 16. g4 Bg6 17. b3 Be5 18. c3 Bf4 19. Qe2 h5 20. Rg1 Bxh2 21. Rg2
Bf4 22. gxh5 Qh4+ 23. Kd1 Qxh5 24. Kc2 f5 25. Bc4+ Kh7 26. d3 fxe4 27. dxe4 Bc7
28. Rg5 Qh3 29. Bd3 Rbd8 30. Bd2 Rxd3 31. Qxd3 Rf8 32. Rag1 Rf6 33. Rxg6 Rxg6
34. e5 Qh5 35. Rg5 Qh6 36. Qf5 1-0

[Event "TechM GCL 2025"]
[Site "Mumbai IND"]
[Date "2025.12.20"]
[Round "8.2"]
[White "Dominguez Perez, Leinier"]
[Black "Sindarov, Javokhir"]
[Result "1/2-1/2"]
[WhiteTitle "GM"]
[BlackTitle "GM"]
[WhiteElo "2738"]
[BlackElo "2726"]
[WhiteTeam "PBG Alaskan Knights"]
[BlackTeam "Ganges Grandmasters"]
[WhiteFideId "3503240"]
[BlackFideId "14205483"]
[EventDate "2025.12.14"]

1. e4 e5 2. Nf3 Nc6 3. Bc4 Bc5 4. c3 Bb6 5. O-O d6 6. d3 h6 7. a4 Nge7 8. b4 a6
9. Be3 O-O 10. Bxb6 cxb6 11. Nbd2 Ng6 12. Re1 Qf6 13. g3 Nce7 14. Qe2 Bd7 15.
Qe3 b5 16. axb5 axb5 17. Bb3 Rac8 18. d4 Rc7 19. d5 Rfc8 20. Rac1 Nf8 21. c4
bxc4 22. Rxc4 b5 23. Rxc7 Rxc7 24. Ra1 Nc8 25. Kg2 Nh7 26. Ra2 Ng5 27. Nxg5 Qxg5
28. Qxg5 hxg5 29. Rc2 Ra7 30. Ra2 Rc7 31. Rc2 Ra7 32. Ra2 Rc7 1/2-1/2

[Event "TechM GCL 2025"]
[Site "Mumbai IND"]
[Date "2025.12.20"]
[Round "8.2"]
[White "Lagno, Kateryna"]
[Black "Shuvalova, Polina"]
[Result "0-1"]
[WhiteTitle "GM"]
[BlackTitle "IM"]
[WhiteElo "2508"]
[BlackElo "2502"]
[WhiteTeam "PBG Alaskan Knights"]
[BlackTeam "Ganges Grandmasters"]
[WhiteFideId "14109336"]
[BlackFideId "24171760"]
[EventDate "2025.12.14"]

1. d4 d5 2. c4 dxc4 3. Nf3 Nf6 4. e3 e6 5. Bxc4 c5 6. O-O a6 7. Qe2 b5 8. Bd3
Nbd7 9. e4 Be7 10. e5 Nd5 11. Nc3 Bb7 12. Nxd5 Bxd5 13. Bf4 h6 14. Rad1 Qb6 15.
b3 Qb7 16. h3 Rc8 17. dxc5 Nxc5 18. Bb1 Ne4 19. Bd2 Nc3 20. Bxc3 Rxc3 21. Rd3
Rxd3 22. Qxd3 g6 23. Qe3 Kf8 24. Re1 Kg7 25. Qf4 Rc8 26. h4 Bxf3 27. gxf3 h5 28.
Kg2 Qd7 29. Be4 Rc5 30. Kh3 Qd4 31. Qg3 Qxe5 32. Rd1 Qf6 33. Rd7 Rc1 34. Ra7
Rh1+ 35. Kg2 Qa1 36. f4 Rg1+ 37. Kh3 Rxg3+ 38. fxg3 Qxa2 39. Rxe7 Qxb3 40. Bc6
Qc3 41. Bg2 Qc5 42. Rb7 a5 43. g4 Qe3+ 0-1

[Event "TechM GCL 2025"]
[Site "Mumbai IND"]
[Date "2025.12.20"]
[Round "8.2"]
[White "Khademalsharieh, Sarasadat"]
[Black "Tsolakidou, Stavroula"]
[Result "1-0"]
[WhiteTitle "IM"]
[BlackTitle "IM"]
[WhiteElo "2414"]
[BlackElo "2479"]
[WhiteTeam "PBG Alaskan Knights"]
[BlackTeam "Ganges Grandmasters"]
[WhiteFideId "12512214"]
[BlackFideId "4264312"]
[EventDate "2025.12.14"]

1. d4 Nf6 2. g3 e6 3. Bg2 c5 4. Nf3 cxd4 5. Nxd4 d5 6. O-O e5 7. Nf3 Nc6 8. c4
d4 9. e3 Be7 10. exd4 exd4 11. Nbd2 O-O 12. Nb3 d3 13. Be3 Bg4 14. h3 Bh5 15.
Nc1 Nb4 16. Rb1 Rc8 17. g4 Bg6 18. Ne5 Be4 19. Bxe4 Nxe4 20. Ncxd3 Qd6 21. Nxb4
Qxe5 22. Qd5 Qe6 23. Qxe6 fxe6 24. Nd3 Rxc4 25. Rbc1 Rxc1 26. Rxc1 Rd8 27. Rc7
Bg5 28. Nc5 Bxe3 29. Nxe4 Bb6 30. Rxb7 e5 31. Ng5 Re8 32. Ne4 h6 33. a4 Rd8 34.
a5 Bxa5 35. Rxa7 Bb6 36. Rb7 Bd4 37. b4 Rc8 38. Kg2 Rc2 39. h4 Rb2 40. b5 Kf8
41. g5 hxg5 42. hxg5 Re2 43. Kf3 Rb2 44. g6 Rb3+ 45. Kg4 Rb2 46. Kf5 Bxf2 47.
Ke6 1-0

[Event "TechM GCL 2025"]
[Site "Mumbai IND"]
[Date "2025.12.20"]
[Round "8.2"]
[White "Dardha, Daniel"]
[Black "Sadhwani, Raunak"]
[Result "1/2-1/2"]
[WhiteTitle "GM"]
[BlackTitle "GM"]
[WhiteElo "2603"]
[BlackElo "2638"]
[WhiteTeam "PBG Alaskan Knights"]
[BlackTeam "Ganges Grandmasters"]
[WhiteFideId "240990"]
[BlackFideId "35093487"]
[EventDate "2025.12.14"]

1. d4 Nf6 2. Bg5 d5 3. e3 c5 4. Bxf6 gxf6 5. Nf3 e6 6. dxc5 Bxc5 7. Be2 O-O 8.
O-O Be7 9. c4 dxc4 10. Qc2 Qc7 11. Nbd2 Bd7 12. Rac1 b5 13. b3 c3 14. Qxc3 Qxc3
15. Rxc3 Rd8 16. Rc7 Bd6 17. Rc2 Nc6 18. Ne4 Be7 19. Rcc1 a6 20. Rfd1 Be8 21.
Rxd8 Rxd8 22. g4 Rd5 23. Ne1 f5 24. gxf5 Rxf5 25. Nd3 Kf8 26. f4 Nb4 27. Nxb4
Bxb4 28. Rc7 h6 29. Kf2 a5 30. Kg3 Be7 31. Rc8 Rd5 32. Nc3 Rc5 33. Rxc5 1/2-1/2

[Event "TechM GCL 2025"]
[Site "Mumbai IND"]
[Date "2025.12.21"]
[Round "8.3"]
[White "Vachier-Lagrave, Maxime"]
[Black "Caruana, Fabiano"]
[Result "1/2-1/2"]
[WhiteTitle "GM"]
[BlackTitle "GM"]
[WhiteElo "2734"]
[BlackElo "2795"]
[WhiteTeam "Upgrad Mumba Masters"]
[BlackTeam "Alpine SG Pipers"]
[WhiteFideId "623539"]
[BlackFideId "2020009"]
[EventDate "2025.12.14"]

1. e4 e5 2. Nf3 Nc6 3. Bb5 a6 4. Ba4 Nf6 5. O-O d6 6. Re1 b5 7. Bb3 Na5 8. d4
Nxb3 9. axb3 Bb7 10. Qd3 Nd7 11. Nc3 Be7 12. Nd5 O-O 13. Bd2 f5 14. dxe5 Nc5 15.
Nxe7+ Qxe7 16. exd6 cxd6 17. Qe2 fxe4 18. Nd4 Rf7 19. b4 Nd7 20. f4 exf3 21.
Qxe7 f2+ 22. Kh1 f1=Q+ 23. Rxf1 Rxe7 24. Kg1 Re4 25. Rf4 Rae8 26. Raf1 Nf6 27.
c3 Rxf4 28. Bxf4 Ne4 29. h3 h6 30. Nf5 Re6 31. Nd4 Rf6 32. Be3 Rxf1+ 33. Kxf1 h5
34. h4 Kf7 35. Bf4 g6 36. Ke2 Ke7 37. g3 Kd7 38. Ke3 Nf6 39. Ke2 Ne4 40. Ke3 Nf6 1/2-1/2

[Event "TechM GCL 2025"]
[Site "Mumbai IND"]
[Date "2025.12.21"]
[Round "8.3"]
[White "So, Wesley"]
[Black "Giri, Anish"]
[Result "1/2-1/2"]
[WhiteTitle "GM"]
[BlackTitle "GM"]
[WhiteElo "2753"]
[BlackElo "2760"]
[WhiteTeam "Upgrad Mumba Masters"]
[BlackTeam "Alpine SG Pipers"]
[WhiteFideId "5202213"]
[BlackFideId "24116068"]
[EventDate "2025.12.14"]

1. c4 Nf6 2. Nc3 g6 3. e4 d6 4. d4 Bg7 5. f3 O-O 6. Nge2 c5 7. Be3 Nc6 8. d5 Ne5
9. Ng3 b5 10. Nxb5 h5 11. Be2 h4 12. Nf1 e6 13. Nd2 Rb8 14. Nxa7 exd5 15. cxd5
Bd7 16. O-O Rxb2 17. a4 Qa5 18. Nb5 Bxb5 19. Bxb5 c4 20. Nxc4 Nxc4 21. Bxc4 h3
22. gxh3 Qc3 23. Qd3 Qe5 24. f4 Qxe4 25. Qxe4 Nxe4 26. Rab1 Nd2 27. Rxb2 Nxc4
28. Rb3 Nxe3 29. Rxe3 Bd4 30. Re1 Ra8 31. Kg2 Bxe3 32. Rxe3 Rxa4 33. f5 gxf5 1/2-1/2

[Event "TechM GCL 2025"]
[Site "Mumbai IND"]
[Date "2025.12.21"]
[Round "8.3"]
[White "Mamedyarov, Shakhriyar"]
[Black "Praggnanandhaa, R"]
[Result "1/2-1/2"]
[WhiteTitle "GM"]
[BlackTitle "GM"]
[WhiteElo "2730"]
[BlackElo "2761"]
[WhiteTeam "Upgrad Mumba Masters"]
[BlackTeam "Alpine SG Pipers"]
[WhiteFideId "13401319"]
[BlackFideId "25059530"]
[EventDate "2025.12.14"]

1. c4 e5 2. Nc3 Bb4 3. Qb3 Bxc3 4. Qxc3 d6 5. d4 exd4 6. Qxd4 Nf6 7. Bg5 Nc6 8.
Bxf6 Nxd4 9. Bxd8 Kxd8 10. O-O-O Ne6 11. e3 Bd7 12. Ne2 Bc6 13. h4 a5 14. h5 h6
15. Nd4 Nxd4 16. exd4 Re8 17. Rh3 Ke7 18. Kd2 Kf8 19. Bd3 Re7 20. g4 Be4 21. Re1
Rae8 22. Bf1 Bc6 23. Rxe7 Kxe7 24. Bd3 Kf6 25. f4 Be4 26. Re3 Bc6 27. Rg3 Be4
28. Be2 g5 29. f5 Bc6 30. Bd3 b6 31. b3 Bb7 32. a3 c5 33. d5 Bc8 34. Rg1 Bd7 35.
Rb1 Ke5 36. Ke3 Kf6+ 37. Kd2 Ke5 38. Ke3 Kf6+ 1/2-1/2

[Event "TechM GCL 2025"]
[Site "Mumbai IND"]
[Date "2025.12.21"]
[Round "8.3"]
[White "Koneru, Humpy"]
[Black "Hou, Yifan"]
[Result "0-1"]
[WhiteTitle "GM"]
[BlackTitle "GM"]
[WhiteElo "2535"]
[BlackElo "2613"]
[WhiteTeam "Upgrad Mumba Masters"]
[BlackTeam "Alpine SG Pipers"]
[WhiteFideId "5008123"]
[BlackFideId "8602980"]
[EventDate "2025.12.14"]

1. d4 Nf6 2. c4 e6 3. Nf3 b6 4. a3 Ba6 5. Qc2 Bb7 6. Nc3 c5 7. e4 cxd4 8. Nxd4
Nc6 9. Nxc6 Bxc6 10. Be2 Bd6 11. f4 Bc5 12. Bd2 Ng4 13. Bxg4 Qh4+ 14. g3 Qxg4
15. Qd3 f5 16. Rf1 O-O 17. Be3 fxe4 18. Nxe4 Bxe3 19. Qxe3 e5 20. Nd6 exf4 21.
Rxf4 Rxf4 22. Qxf4 Qe6+ 23. Kd2 Rf8 24. Qd4 Qh6+ 25. Kc2 Qg6+ 26. Kd2 Rf6 27.
Nc8 Qh6+ 28. Kc2 Ba4+ 29. b3 Qxh2+ 30. Kc3 Qxg3+ 0-1

[Event "TechM GCL 2025"]
[Site "Mumbai IND"]
[Date "2025.12.21"]
[Round "8.3"]
[White "Dronavalli, Harika"]
[Black "Batsiashvili, Nino"]
[Result "1/2-1/2"]
[WhiteTitle "GM"]
[BlackTitle "GM"]
[WhiteElo "2466"]
[BlackElo "2462"]
[WhiteTeam "Upgrad Mumba Masters"]
[BlackTeam "Alpine SG Pipers"]
[WhiteFideId "5015197"]
[BlackFideId "13602993"]
[EventDate "2025.12.14"]

1. e4 e5 2. Nf3 Nc6 3. Nc3 Nf6 4. Bb5 Nd4 5. Nxd4 exd4 6. e5 dxc3 7. exf6 Qxf6
8. dxc3 Qe5+ 9. Be2 d5 10. O-O Bd6 11. Bb5+ Kf8 12. f4 Qf5 13. Be3 h5 14. Bd3
Qg4 15. h3 Qxd1 16. Raxd1 Bd7 17. f5 Re8 18. Bf4 Bxf4 19. Rxf4 Rh6 20. c4 dxc4
21. Bxc4 Bc6 22. Kf2 a5 23. Rdd4 Rd6 24. Rxd6 cxd6 25. f6 g6 26. Rd4 Rd8 27. Bd5
Bxd5 28. Rxd5 b6 29. Rb5 Rb8 30. Rd5 Rd8 31. Rb5 Rb8 32. Rd5 Rd8 33. Rd4 d5 34.
c4 Rd6 35. Rxd5 Rxf6+ 36. Ke3 Ke7 37. Rb5 Kd7 38. c5 bxc5 39. Rxa5 Rc6 40. Kd3
Kd6 41. Kc4 Rb6 42. Rb5 Ra6 43. Rxc5 Rxa2 44. Rd5+ Kc6 45. Rd2 Ra5 46. Rf2 Rc5+
47. Kd4 f5 48. Re2 Rd5+ 49. Kc4 Rd6 50. b4 f4 51. Re5 Rf6 52. Rg5 Kb7 53. Kd4 f3
54. gxf3 Rxf3 55. Rxg6 Rxh3 56. Kc5 Rc3+ 57. Kb5 Rc7 58. Rh6 Rf7 59. Rxh5 Rf6
60. Rh7+ Kb8 61. Ka5 Rg6 62. b5 Rf6 63. Re7 Rg6 64. Rh7 Rf6 65. Rd7 Rg6 66. Kb4
Rh6 67. Kc5 Rg6 68. Rd6 Rxd6 69. Kxd6 Kb7 70. Kc5 Kc7 71. b6+ Kb7 72. Kb5 Kb8
73. Kc6 Kc8 74. b7+ Kb8 75. Kb6 1/2-1/2